[Event "19th EUR-ch"]
[Site "Batumi GEO"]
[Date "2018.03.18"]
[Round "2.21"]
[White "Anton Guijarro, David"]
[Black "Repka, Christopher"]
[Result "1/2-1/2"]
[WhiteElo "2647"]
[BlackElo "2524"]
[EventDate "2018.03.17"]
[PlyCount "63"]

1.d4 Nf6 2.c4 e6 3.Nc3 d5 4.cxd5 Nxd5 5.e4 Nxc3 6.bxc3 c5 7.Nf3 cxd4 8.
cxd4 Bb4+ 9.Bd2 Bxd2+ 10.Qxd2 O-O 11.Bc4 Nd7 12.O-O Nf6 13.e5 Nd5 14.Ng5 
Bd7 15.f4 h6 16.Ne4 Bc6 17.Nd6 Nb6 18.Rac1 Qd7 19.f5 Nxc4 20.Rxc4 f6 21.
fxe6 Qxe6 22.Re1 Rad8 23.Rc2 fxe5 24.dxe5 Rf5 25.Qe3 Rg5 26.Rd2 Rd7 27.h4 
Rg6 28.Rf2 Qd5 29.Qb3 Re7 30.Qxd5+ Bxd5 31.Kh2 Rg4 32.Rd2 1/2-1/2

[Event "19th EUR-ch"]
[Site "Batumi GEO"]
[Date "2018.03.18"]
[Round "2.22"]
[White "Kantor, Gergely"]
[Black "McShane, Luke"]
[Result "0-1"]
[WhiteElo "2527"]
[BlackElo "2647"]
[EventDate "2018.03.17"]
[PlyCount "80"]

1.d4 Nf6 2.c4 g6 3.g3 Bg7 4.Bg2 O-O 5.Nc3 d6 6.Nf3 Nbd7 7.O-O e5 8.e4 c6 
9.h3 Qa5 10.Be3 Nb6 11.dxe5 dxe5 12.Nd2 Qb4 13.c5 Nc4 14.Nxc4 Qxc4 15.Qc2 
Be6 16.Rfd1 Rfd8 17.b3 Qb4 18.Na4 Qa5 19.Bf1 h5 20.Kh2 Nh7 21.a3 Qc7 22.
Nb2 f5 23.Bc4 Qf7 24.Rg1 f4 25.Bxe6 Qxe6 26.gxf4 exf4 27.Bxf4 Rf8 28.Bd6 
Rf3 29.Rg3 Rxg3 30.fxg3 Ng5 31.g4 hxg4 32.Qg2 g3+ 33.Qxg3 Nxe4 34.Re1 Bxb2
35.Qg2 Be5+ 36.Bxe5 Qxe5+ 37.Kg1 Qxc5+ 38.Kh1 Nf2+ 39.Kh2 Qd6+ 40.Kg1 Nd3 
0-1

[Event "19th EUR-ch"]
[Site "Batumi GEO"]
[Date "2018.03.18"]
[Round "2.23"]
[White "Grandelius, Nils"]
[Black "Kelires, Andreas"]
[Result "1-0"]
[WhiteElo "2646"]
[BlackElo "2523"]
[EventDate "2018.03.17"]
[PlyCount "85"]

1.e4 e5 2.Nf3 Nc6 3.Bb5 a6 4.Ba4 Nf6 5.O-O Be7 6.Re1 b5 7.Bb3 d6 8.c3 O-O 
9.h3 Nd7 10.d4 Bb7 11.a4 Na5 12.Bc2 c5 13.d5 Qc7 14.b4 Nc4 15.Nfd2 Rfc8 
16.Nxc4 bxc4 17.a5 f5 18.bxc5 Qxc5 19.Be3 Qc7 20.exf5 Nf6 21.Bg5 Nxd5 22.
Be4 Bxg5 23.Bxd5+ Bxd5 24.Qxd5+ Kh8 25.Na3 Qc5 26.Red1 Be7 27.Qe6 Bh4 28.
Kh1 Bf6 29.Rxd6 Re8 30.Qd5 Qxf2 31.Nxc4 Qxf5 32.Rb6 Rf8 33.Nd6 Qg6 34.Rf1 
h6 35.c4 Qc2 36.c5 Qe2 37.Qf3 Qa2 38.c6 Be7 39.Nf7+ Kg8 40.c7 Rac8 41.
Nxh6+ Kh8 42.Nf5 Rxc7 43.Qh5+ 1-0

[Event "19th EUR-ch"]
[Site "Batumi GEO"]
[Date "2018.03.18"]
[Round "2.24"]
[White "Djukic, Nikola"]
[Black "Safarli, Eltaj"]
[Result "1/2-1/2"]
[WhiteElo "2523"]
[BlackElo "2639"]
[EventDate "2018.03.17"]
[PlyCount "91"]

1.e4 e5 2.Nf3 Nc6 3.Bb5 a6 4.Ba4 Nf6 5.O-O Be7 6.Re1 d6 7.Bxc6+ bxc6 8.d4 
exd4 9.Nxd4 Bd7 10.Qf3 O-O 11.Nc3 c5 12.Nf5 Bxf5 13.Qxf5 Qd7 14.Nd5 Rad8 
15.Nxe7+ Qxe7 16.Bg5 Rfe8 17.Re3 Qe6 18.Qf4 Rb8 19.Bxf6 Qxf6 20.Qxf6 gxf6 
21.b3 a5 22.Rae1 a4 23.f4 axb3 24.axb3 Rb4 25.e5 fxe5 26.fxe5 Kf8 27.exd6 
Rxe3 28.Rxe3 cxd6 29.Kf2 h5 30.c4 Kg7 31.Rd3 Rb6 32.Kg3 Kg6 33.Kh4 f5 34.
Kg3 Kf6 35.Kf4 h4 36.g4 hxg3 37.Rxg3 Rb8 38.Rd3 Ke6 39.Re3+ Kf6 40.Rd3 Ke6
41.Rh3 Kf6 42.Rh6+ Ke7 43.Kxf5 Rxb3 44.Rh7+ Kf8 45.Ke6 Rd3 46.h4 1/2-1/2

[Event "19th EUR-ch"]
[Site "Batumi GEO"]
[Date "2018.03.18"]
[Round "2.25"]
[White "Movsesian, Sergei"]
[Black "Nguyen, Thai Dai Van"]
[Result "1/2-1/2"]
[WhiteElo "2632"]
[BlackElo "2517"]
[EventDate "2018.03.17"]
[PlyCount "57"]

1.d4 d5 2.Bg5 Nf6 3.Bxf6 exf6 4.e3 c6 5.g3 Bd6 6.Bg2 f5 7.Ne2 Nd7 8.O-O 
Nf6 9.b3 h5 10.c4 h4 11.Nbc3 hxg3 12.hxg3 Be6 13.Qd3 Ne4 14.Nf4 Bxf4 15.
exf4 O-O 16.Rac1 Qd7 17.c5 b5 18.Ne2 a5 19.a3 g6 20.f3 Nf6 21.Qd2 Qc7 22.
Rce1 Rae8 23.Nc1 Bc8 24.Nd3 Rxe1 25.Rxe1 Re8 26.Ne5 Nd7 27.Bf1 Nf8 28.Qh2 
f6 29.Nd3 1/2-1/2

[Event "19th EUR-ch"]
[Site "Batumi GEO"]
[Date "2018.03.18"]
[Round "2.26"]
[White "Yuffa, Daniil"]
[Black "Onischuk, Vladimir"]
[Result "1-0"]
[WhiteElo "2521"]
[BlackElo "2632"]
[EventDate "2018.03.17"]
[PlyCount "99"]

1.Nf3 Nf6 2.g3 g6 3.Bg2 Bg7 4.O-O O-O 5.d4 d6 6.c4 Nc6 7.Nc3 e5 8.dxe5 
dxe5 9.Bg5 Be6 10.Qc1 Qc8 11.Rd1 Nd7 12.b3 f6 13.Bh6 Rf7 14.Bxg7 Kxg7 15.
Nd2 Qf8 16.Bxc6 bxc6 17.Nf3 Qc5 18.Na4 Qb4 19.Qe3 a5 20.Ne1 h5 21.Nd3 Qe7 
22.f3 Bf5 23.Ndc5 Nf8 24.Rd2 g5 25.Rad1 Re8 26.Nb7 Ne6 27.Nxa5 Nd4 28.Kf2 
g4 29.h3 gxh3 30.Rh1 Bc8 31.c5 f5 32.f4 Kg6 33.Rxh3 Ba6 34.fxe5 Nxe2 35.
Nxc6 Qe6 36.Qf3 Kg7 37.Rxe2 Bxe2 38.Kxe2 Qg6 39.Nc3 Rf6 40.Nd4 Rxe5+ 41.
Kf2 Rxc5 42.Nce2 f4 43.Nxf4 Qf7 44.Kg2 Re5 45.Rh4 Kg8 46.Qa8+ Kg7 47.Nf3 
Rc5 48.Qe4 Ra5 49.a4 Kg8 50.Nxh5 1-0

[Event "19th EUR-ch"]
[Site "Batumi GEO"]
[Date "2018.03.18"]
[Round "2.27"]
[White "Steinberg, Nitzan"]
[Black "Lupulescu, Constantin"]
[Result "0-1"]
[WhiteElo "2518"]
[BlackElo "2627"]
[EventDate "2018.03.17"]
[PlyCount "78"]

1.e4 c5 2.Nf3 e6 3.d4 cxd4 4.Nxd4 Nc6 5.Nc3 a6 6.Be2 Qc7 7.Be3 Nf6 8.O-O 
Be7 9.f4 d6 10.Kh1 O-O 11.Qe1 Nxd4 12.Bxd4 b5 13.a3 Nd7 14.Qg3 Bf6 15.Bxf6
Nxf6 16.Rae1 Bb7 17.Bd3 Nd7 18.Re3 e5 19.f5 Qd8 20.Be2 Qe7 21.Rd3 Rfd8 22.
Qe3 Rac8 23.Rfd1 Nf6 24.Bf3 h6 25.h4 a5 26.b4 axb4 27.axb4 Rc4 28.Nxb5 
Nxe4 29.Qe1 d5 30.c3 Nf6 31.Re3 Re8 32.Kg1 Rf4 33.g3 Rxf3 34.Rxf3 d4 35.
Rf1 Qd7 36.Qe2 Qc6 37.Kh2 d3 38.Rxd3 Qxb5 39.Re1 Ng4+ 0-1

[Event "19th EUR-ch"]
[Site "Batumi GEO"]
[Date "2018.03.18"]
[Round "2.28"]
[White "Zhigalko, Sergei"]
[Black "Sprenger, Jan Michael"]
[Result "1/2-1/2"]
[WhiteElo "2625"]
[BlackElo "2513"]
[EventDate "2018.03.17"]
[PlyCount "59"]

1.e4 c5 2.Nf3 e6 3.d4 cxd4 4.Nxd4 a6 5.Bd3 Bc5 6.Nb3 Ba7 7.Qg4 Nf6 8.Qg3 
Nc6 9.Nc3 d6 10.O-O Ne5 11.Kh1 h5 12.f4 h4 13.Qh3 Nxd3 14.cxd3 e5 15.f5 
Bd7 16.Bg5 Bc6 17.Rad1 Rh5 18.Bxf6 Qxf6 19.g4 Rh8 20.Nd2 O-O-O 21.b4 Kb8 
22.a4 Bd4 23.Nd5 Bxd5 24.exd5 Rc8 25.Ne4 Qd8 26.f6 gxf6 27.Rxf6 Qd7 28.b5 
axb5 29.Rxd6 Qe8 30.axb5 1/2-1/2

[Event "19th EUR-ch"]
[Site "Batumi GEO"]
[Date "2018.03.18"]
[Round "2.29"]
[White "Matinian, Nikita"]
[Black "Indjic, Aleksandar"]
[Result "0-1"]
[WhiteElo "2514"]
[BlackElo "2623"]
[EventDate "2018.03.17"]
[PlyCount "52"]

1.e4 c5 2.Nf3 d6 3.d4 cxd4 4.Nxd4 Nf6 5.Nc3 a6 6.h3 e5 7.Nde2 h5 8.Bg5 Be6
9.f4 Nbd7 10.f5 Bc4 11.Ng3 Rc8 12.Bxc4 Rxc4 13.Qd3 b5 14.a4 Rd4 15.Qf3 Qa5
16.Ne2 b4 17.Nxd4 bxc3 18.b4 Qxb4 19.Ne2 Nxe4 20.Be3 d5 21.O-O Bc5 22.Kh1 
Bxe3 23.Qxe3 O-O 24.f6 Ndxf6 25.Ng3 Qd4 26.Qxd4 Nxg3+ 0-1

[Event "19th EUR-ch"]
[Site "Batumi GEO"]
[Date "2018.03.18"]
[Round "2.30"]
[White "Bok, Benjamin"]
[Black "Maghalashvili, Davit"]
[Result "1/2-1/2"]
[WhiteElo "2622"]
[BlackElo "2508"]
[EventDate "2018.03.17"]
[PlyCount "81"]

1.e4 e6 2.d4 d5 3.Nd2 dxe4 4.Nxe4 Nd7 5.Nf3 Ngf6 6.Bd3 c5 7.O-O Nxe4 8.
Bxe4 Nf6 9.Bg5 cxd4 10.Nxd4 Be7 11.Bf3 O-O 12.Qd3 Bc5 13.Rad1 e5 14.Nb3 
Qxd3 15.cxd3 Bd6 16.Bxf6 gxf6 17.d4 exd4 18.Rxd4 Be5 19.Rd2 Be6 20.Bxb7 
Rad8 21.Rfd1 Rxd2 22.Rxd2 Bxb3 23.axb3 Bc7 24.g3 Rd8 25.Rc2 Ba5 26.Rc4 Rd2
27.b4 Bb6 28.Rf4 Kg7 29.b3 Rd4 30.Rxd4 Bxd4 31.Be4 h6 32.Kg2 Kf8 33.f4 Bc3
34.b5 Bd4 35.Kf3 Kg7 36.Kg4 Bg1 37.h3 Bf2 38.Bd3 Bb6 39.Kf5 Bf2 40.g4 Bb6 
41.Bc4 1/2-1/2

[Event "19th EUR-ch"]
[Site "Batumi GEO"]
[Date "2018.03.18"]
[Round "2.31"]
[White "Kantans, Toms"]
[Black "Oparin, Grigoriy"]
[Result "1-0"]
[WhiteElo "2508"]
[BlackElo "2622"]
[EventDate "2018.03.17"]
[PlyCount "61"]

1.e4 e5 2.Nf3 Nc6 3.Bb5 a6 4.Ba4 Nf6 5.O-O Be7 6.Re1 b5 7.Bb3 d6 8.c3 O-O 
9.h3 Nb8 10.d4 Nbd7 11.c4 c6 12.Nc3 b4 13.Ne2 Nxe4 14.Qc2 f5 15.c5+ Kh8 
16.cxd6 Bxd6 17.Be3 Bb7 18.Rad1 Qf6 19.dxe5 Nxe5 20.Nxe5 Qxe5 21.Bf4 Qf6 
22.f3 Bxf4 23.Nxf4 Ng5 24.Qc5 Rae8 25.h4 Nf7 26.Ne6 Qxh4 27.Qf2 Qf6 28.
Nxf8 Rxf8 29.Re6 Qg5 30.f4 Qh5 31.Re7 1-0

[Event "19th EUR-ch"]
[Site "Batumi GEO"]
[Date "2018.03.18"]
[Round "2.32"]
[White "Vocaturo, Daniele"]
[Black "Diermair, Andreas"]
[Result "1-0"]
[WhiteElo "2620"]
[BlackElo "2507"]
[EventDate "2018.03.17"]
[PlyCount "85"]

1.e4 e5 2.Nf3 Nc6 3.Bb5 a6 4.Ba4 Nf6 5.O-O Be7 6.d3 b5 7.Bb3 d6 8.a3 O-O 
9.Nc3 Na5 10.Ba2 Be6 11.Bxe6 fxe6 12.b4 Nc6 13.Bd2 d5 14.Re1 Qd6 15.Na2 
Nd7 16.Qe2 Nb6 17.Nc1 Rf7 18.Nb3 Raf8 19.Rf1 Qd7 20.Rae1 Bd6 21.h3 Qe7 22.
Nh2 Qd8 23.Qg4 Qf6 24.h4 Qe7 25.Qg3 Kh8 26.Ng4 Nd7 27.Bg5 Qe8 28.Qh3 Kg8 
29.h5 Be7 30.Bc1 Bd6 31.Nd2 a5 32.bxa5 Qa8 33.Re3 Qxa5 34.Nf3 Bc5 35.Ng5 
Bxe3 36.Nxe3 d4 37.Nxf7 Rxf7 38.Qxe6 Qc3 39.Nd5 Qxc2 40.h6 Nf8 41.Qe8 Qc5 
42.hxg7 Kxg7 43.Bh6+ 1-0

[Event "19th EUR-ch"]
[Site "Batumi GEO"]
[Date "2018.03.18"]
[Round "2.33"]
[White "Shengelia, David"]
[Black "Romanov, Evgeny"]
[Result "0-1"]
[WhiteElo "2508"]
[BlackElo "2619"]
[EventDate "2018.03.17"]
[PlyCount "72"]

1.d4 d5 2.Nf3 Nf6 3.c4 c6 4.e3 Bf5 5.Nc3 e6 6.Bd3 Bg6 7.Ne5 Nbd7 8.f4 Bxd3
9.Qxd3 Bb4 10.O-O O-O 11.Ne2 Ne4 12.Nxd7 Qxd7 13.c5 f6 14.Ng3 Nxg3 15.hxg3
e5 16.a3 Ba5 17.dxe5 fxe5 18.e4 Rad8 19.f5 dxe4 20.Qxe4 Qd5 21.Qg4 Qxc5+ 
22.Kh2 Qd4 23.Qh5 Rd5 24.f6 e4 25.Qg4 Rxf6 26.Be3 Qe5 27.Qc8+ Rd8 28.Qxb7 
Bc7 29.Qb3+ Kh8 30.Bxa7 Rd3 31.Rxf6 gxf6 32.Qf7 Rxg3 33.Kg1 Rg7 34.Qf8+ 
Rg8 35.Qh6 Qxb2 36.Ra2 Qb1+ 0-1

[Event "19th EUR-ch"]
[Site "Batumi GEO"]
[Date "2018.03.18"]
[Round "2.34"]
[White "Fernandez, Daniel Howard"]
[Black "Alekseev, Evgeny"]
[Result "0-1"]
[WhiteElo "2505"]
[BlackElo "2617"]
[EventDate "2018.03.17"]
[PlyCount "82"]

1.e4 c5 2.Nf3 e6 3.c3 d5 4.exd5 Qxd5 5.Na3 Nf6 6.d4 Nc6 7.Nb5 Qd8 8.dxc5 
Bxc5 9.Qxd8+ Kxd8 10.Bf4 Ne4 11.Rd1+ Ke7 12.Nbd4 Nxd4 13.Nxd4 Bd6 14.Bc1 
e5 15.Bd3 Nxc3 16.bxc3 exd4 17.O-O Be6 18.cxd4 Bxa2 19.Rfe1+ Kd8 20.Be4 
Rb8 21.Bd2 Bc4 22.Rc1 Bb5 23.Bd5 Rf8 24.Re4 Bd7 25.g3 b6 26.Re3 a5 27.Rb3 
a4 28.Rbb1 f6 29.Bc6 Rf7 30.d5 b5 31.Ba5+ Ke8 32.Rc2 a3 33.Bb4 Bxb4 34.
Rxb4 Kd8 35.Kg2 Bxc6 36.dxc6 Ra7 37.Rd4+ Kc8 38.Re4 Kc7 39.Re6 Rba8 40.
Re7+ Kb6 41.c7 Rc8 0-1

[Event "19th EUR-ch"]
[Site "Batumi GEO"]
[Date "2018.03.18"]
[Round "2.36"]
[White "Bosiocic, Marin"]
[Black "Sanikidze, Tornike"]
[Result "1-0"]
[WhiteElo "2611"]
[BlackElo "2501"]
[EventDate "2018.03.17"]
[PlyCount "157"]

1.d4 Nf6 2.c4 e6 3.Nf3 d5 4.g3 dxc4 5.Bg2 Nc6 6.Qa4 Bb4+ 7.Bd2 Nd5 8.Bxb4 
Nxb4 9.O-O Rb8 10.Na3 O-O 11.Qb5 b6 12.Qxc4 Ba6 13.Nb5 Qd5 14.Qxd5 Nxd5 
15.a4 Na5 16.Ne5 Rbd8 17.Nxa7 Nb4 18.Rac1 Rxd4 19.Nb5 Bxb5 20.axb5 f6 21.
e3 Rdd8 22.Nf3 Rf7 23.Nd4 Re7 24.Ra1 e5 25.Nf5 Red7 26.Ra4 c5 27.bxc6 
Naxc6 28.g4 g6 29.Ng3 Kf7 30.h4 Rd2 31.b3 R2d3 32.Be4 Rxb3 33.Rc1 Na5 34.
Rc7+ Kg8 35.h5 Na6 36.Ra7 Nc5 37.Ra1 Rb4 38.f3 Rd7 39.Rxd7 Nxd7 40.Rd1 Nf8
41.Rd8 Kf7 42.Ra8 Rb5 43.Ra7+ Ke6 44.Nf5 gxf5 45.Bxf5+ Kd5 46.Rf7 Ng6 47.
Rxh7 Nh4 48.Be4+ Ke6 49.h6 Nc4 50.Rh8 Nd2 51.h7 Nxe4 52.fxe4 Rb1+ 53.Kh2 
Rb2+ 54.Kg3 Ng6 55.Rg8 Rb1 56.Rxg6 Rh1 57.g5 Rxh7 58.Rxf6+ Ke7 59.Rxb6 Rh1
60.Kg4 Rf1 61.g6 Kf8 62.Kg5 Kg7 63.Rb7+ Kg8 64.Re7 Rf3 65.Rxe5 Kg7 66.Re7+
Kg8 67.Ra7 Rxe3 68.Kf4 Re1 69.e5 Rf1+ 70.Kg5 Re1 71.Kf6 Rf1+ 72.Ke7 Kg7 
73.e6 Kxg6 74.Ra2 Kf5 75.Re2 Rh1 76.Kd7 Rd1+ 77.Ke8 Kf6 78.e7 Rd4 79.Kf8 
1-0

[Event "19th EUR-ch"]
[Site "Batumi GEO"]
[Date "2018.03.18"]
[Round "2.37"]
[White "Harutyunian, Tigran K."]
[Black "Alekseenko, Kirill"]
[Result "0-1"]
[WhiteElo "2501"]
[BlackElo "2609"]
[EventDate "2018.03.17"]
[PlyCount "90"]

1.d4 Nf6 2.Nf3 e6 3.c4 b6 4.g3 Bb4+ 5.Bd2 Be7 6.Bg2 c6 7.O-O d5 8.Qc2 O-O 
9.Rd1 Nbd7 10.Bf4 Bb7 11.cxd5 cxd5 12.Nc3 Rc8 13.Qb3 a6 14.Ne5 b5 15.Rac1 
Nb6 16.Nd3 Nc4 17.a4 b4 18.Nb1 Na5 19.Qa2 b3 20.Qa1 Qb6 21.Nd2 Rc2 22.Ne1 
Rxc1 23.Rxc1 Qxd4 24.Be3 Qe5 25.Nd3 Qb8 26.Bc5 Bxc5 27.Rxc5 Qd8 28.Qa3 Ne4
29.Nxe4 dxe4 30.Nf4 Qb6 31.Rg5 Qd8 32.Qc5 h6 33.Re5 Qd1+ 34.Bf1 Nc6 35.
Rxe4 Rc8 36.Qb6 Nd8 37.Qd4 Qxd4 38.Rxd4 e5 39.Rd3 exf4 40.gxf4 Ne6 41.Rxb3
Bd5 42.Rd3 Nxf4 43.Rd4 Rc4 44.Rd1 Rc6 45.f3 Bb3 0-1

[Event "19th EUR-ch"]
[Site "Batumi GEO"]
[Date "2018.03.18"]
[Round "2.38"]
[White "Bartel, Mateusz"]
[Black "Kobo, Ori"]
[Result "1/2-1/2"]
[WhiteElo "2609"]
[BlackElo "2500"]
[EventDate "2018.03.17"]
[PlyCount "51"]

1.e4 d6 2.d4 Nf6 3.Nc3 g6 4.Nf3 Bg7 5.Be3 a6 6.a4 Nc6 7.d5 Nb4 8.a5 e6 9.
Bc4 exd5 10.exd5 O-O 11.O-O c6 12.dxc6 bxc6 13.Na4 Nbd5 14.Bd4 Be6 15.Re1 
Nf4 16.Bxe6 fxe6 17.Nb6 Rb8 18.g3 e5 19.gxf4 exd4 20.Nxd4 Nh5 21.Ne6 Qh4 
22.Qxd6 Qg4+ 23.Kf1 Qh3+ 24.Kg1 Qg4+ 25.Kf1 Qh3+ 26.Kg1 1/2-1/2

[Event "19th EUR-ch"]
[Site "Batumi GEO"]
[Date "2018.03.18"]
[Round "2.39"]
[White "Hakobyan, Aram"]
[Black "Abasov, Nijat"]
[Result "1/2-1/2"]
[WhiteElo "2497"]
[BlackElo "2608"]
[EventDate "2018.03.17"]
[PlyCount "26"]

1.d4 Nf6 2.Nf3 e6 3.c4 Bb4+ 4.Bd2 Bxd2+ 5.Qxd2 O-O 6.Nc3 d5 7.e3 Qe7 8.Rc1
dxc4 9.Bxc4 c5 10.O-O Rd8 11.Rfd1 Nc6 12.Qe2 cxd4 13.exd4 Bd7 1/2-1/2

[Event "19th EUR-ch"]
[Site "Batumi GEO"]
[Date "2018.03.18"]
[Round "2.40"]
[White "Golubov, Saveliy"]
[Black "Bindrich, Falko"]
[Result "1-0"]
[WhiteElo "2495"]
[BlackElo "2602"]
[EventDate "2018.03.17"]
[PlyCount "81"]

1.e4 e5 2.f4 d5 3.exd5 exf4 4.Qf3 Nf6 5.Nc3 Bd6 6.d4 O-O 7.Bxf4 Bg4 8.Qf2 
Re8+ 9.Nge2 Bxf4 10.Qxf4 Bxe2 11.Bxe2 Nxd5 12.Nxd5 Qxd5 13.Qf2 Nc6 14.c3 
Qb5 15.Qxf7+ Kh8 16.Qf8+ Rxf8 17.Bxb5 Rae8+ 18.Be2 Ne7 19.Rf1 Nf5 20.Kd2 
g6 21.Rae1 Kg7 22.Bd3 Nd6 23.Rxf8 Rxe1 24.Kxe1 Kxf8 25.c4 Ke7 26.Kd2 Kf6 
27.Kc3 h6 28.c5 Nf7 29.Be4 Nd8 30.a4 g5 31.g4 Ke7 32.b4 Ke6 33.Kc4 Ke7 34.
Bd5 Kd7 35.Kd3 Ke7 36.Ke4 Kf6 37.b5 c6 38.Bc4 b6 39.bxc6 Nxc6 40.Kd5 Nd8 
41.c6 1-0

[Event "19th EUR-ch"]
[Site "Batumi GEO"]
[Date "2018.03.18"]
[Round "2.41"]
[White "Hovhannisyan, Robert"]
[Black "Flom, Gabriel"]
[Result "1-0"]
[WhiteElo "2601"]
[BlackElo "2493"]
[EventDate "2018.03.17"]
[PlyCount "103"]

1.e4 e6 2.Nc3 d5 3.d4 Bb4 4.e5 c5 5.a3 Bxc3+ 6.bxc3 Qa5 7.Bd2 Qa4 8.Qg4 
Kf8 9.Qd1 Nc6 10.Nf3 b6 11.c4 Nge7 12.dxc5 bxc5 13.cxd5 exd5 14.Be2 Bf5 
15.O-O h6 16.Bd3 Kg8 17.Bxf5 Nxf5 18.Bc1 Rd8 19.Rb1 Kh7 20.Re1 Rhe8 21.Qd3
Qg4 22.c3 Kg8 23.Be3 Nh4 24.Nxh4 Nxe5 25.Qf5 Qxh4 26.Bxc5 Qg5 27.Qxg5 hxg5
28.Bxa7 Ra8 29.Bc5 Nd3 30.Rxe8+ Rxe8 31.Be3 Rc8 32.Rb3 Ra8 33.Kf1 g4 34.
Ke2 Ne5 35.Bc5 Re8 36.Kd1 Nd3 37.Be3 f5 38.a4 f4 39.Bd4 f3 40.gxf3 gxf3 
41.a5 Re6 42.Rb7 Kh7 43.Rxg7+ Kh6 44.Rf7 Nb2+ 45.Kc2 Re2+ 46.Kb3 Nc4 47.
Rf6+ Kg5 48.a6 Rb2+ 49.Ka4 Nd2 50.a7 Ra2+ 51.Kb5 Rxa7 52.h4+ 1-0

[Event "19th EUR-ch"]
[Site "Batumi GEO"]
[Date "2018.03.18"]
[Round "2.42"]
[White "Gabrielian, Artur"]
[Black "Mchedlishvili, Mikheil"]
[Result "1/2-1/2"]
[WhiteElo "2493"]
[BlackElo "2600"]
[EventDate "2018.03.17"]
[PlyCount "60"]

1.e4 e5 2.Nf3 Nc6 3.Bb5 a6 4.Ba4 Nf6 5.O-O Be7 6.Re1 b5 7.Bb3 O-O 8.c3 d5 
9.exd5 Nxd5 10.Nxe5 Nxe5 11.Rxe5 Bb7 12.d4 Bf6 13.Re1 Re8 14.Bd2 Rxe1+ 15.
Qxe1 b4 16.cxb4 Bxd4 17.Nc3 Nxb4 18.Be3 c5 19.Rd1 Qb6 20.Bxd4 cxd4 21.Qe7 
Rf8 22.Na4 Qb5 23.Nc5 Bd5 24.Nd7 Rc8 25.Rxd4 h5 26.Rd1 Bxb3 27.axb3 Nd5 
28.Qd6 Qxb3 29.Rf1 Qb5 30.h3 Qc6 1/2-1/2

[Event "19th EUR-ch"]
[Site "Batumi GEO"]
[Date "2018.03.18"]
[Round "2.43"]
[White "Kobalia, Mikhail"]
[Black "Goryachkina, Aleksandra"]
[Result "1/2-1/2"]
[WhiteElo "2599"]
[BlackElo "2491"]
[EventDate "2018.03.17"]
[PlyCount "89"]

1.e4 c6 2.d4 d5 3.Nc3 dxe4 4.Nxe4 Bf5 5.Ng3 Bg6 6.h4 h6 7.Nf3 Nd7 8.h5 Bh7
9.Bd3 Bxd3 10.Qxd3 e6 11.Bd2 Ngf6 12.O-O-O Be7 13.Kb1 Qb6 14.Ne4 Nxe4 15.
Qxe4 Nf6 16.Qe1 Ng4 17.c4 Qa6 18.Qe2 O-O-O 19.Rh3 c5 20.Bf4 Bd6 21.Rh4 Nf6
22.Ne5 Nd5 23.Bg3 Bxe5 24.Qxe5 f6 25.Qe1 Nc7 26.Rg4 cxd4 27.Rxg7 e5 28.Rg6
Qe6 29.Qe4 d3 30.Rxd3 Rxd3 31.Qxd3 Rd8 32.Qf3 Qxc4 33.Qg4+ Qxg4 34.Rxg4 f5
35.Rg6 f4 36.Bh4 Rd1+ 37.Kc2 Rh1 38.Bf6 Rxh5 39.Kd3 Nd5 40.Bg7 f3 41.g3 
Rh2 42.Rd6 Nb6 43.Bxe5 Rxf2 44.Bd4 Rg2 45.Bxb6 1/2-1/2

[Event "19th EUR-ch"]
[Site "Batumi GEO"]
[Date "2018.03.18"]
[Round "2.44"]
[White "Predke, Alexander"]
[Black "Mikaelyan, Arman"]
[Result "1-0"]
[WhiteElo "2595"]
[BlackElo "2486"]
[EventDate "2018.03.17"]
[PlyCount "67"]

1.e4 e5 2.Nf3 Nc6 3.d4 exd4 4.Nxd4 Bc5 5.Nb3 Bb6 6.Nc3 Nf6 7.Bg5 d6 8.Bb5 
h6 9.Bh4 Bd7 10.Qe2 g5 11.Bg3 Qe7 12.O-O-O O-O-O 13.a4 a5 14.Rhe1 Rhe8 15.
f3 Nb4 16.Bf2 Bxf2 17.Qxf2 b6 18.Nxa5 Qe5 19.Nc4 Qc5 20.Qxc5 dxc5 21.Bxd7+
Rxd7 22.a5 Re6 23.axb6 cxb6 24.Nb5 Kb7 25.Rxd7+ Nxd7 26.Nbd6+ Kc7 27.Rd1 
Ne5 28.Nxe5 Rxe5 29.c3 Nc6 30.Nb5+ Kb7 31.Rd7+ Ka6 32.Nc7+ Ka5 33.Rxf7 Ne7
34.Rf8 1-0

[Event "19th EUR-ch"]
[Site "Batumi GEO"]
[Date "2018.03.18"]
[Round "2.45"]
[White "Zanan, Evgeny"]
[Black "Smirin, Ilia"]
[Result "0-1"]
[WhiteElo "2493"]
[BlackElo "2594"]
[EventDate "2018.03.17"]
[PlyCount "66"]

1.d4 Nf6 2.Nf3 g6 3.Nbd2 d5 4.b4 Bg7 5.e3 O-O 6.Bb2 a5 7.b5 a4 8.Rc1 c6 9.
bxc6 Nxc6 10.c4 Bf5 11.Ba3 Qa5 12.cxd5 Nb4 13.Bxb4 Qxb4 14.Nh4 Bg4 15.Be2 
Bxe2 16.Qxe2 Nxd5 17.O-O Nc3 18.Qd3 Rfc8 19.Rc2 e5 20.Nhf3 exd4 21.Kh1 
dxe3 22.fxe3 Rd8 23.Nd4 Nd5 24.Ne4 Qe7 25.Re2 Re8 26.Ng3 Rad8 27.Rfe1 h5 
28.h3 Qg5 29.Nf1 Nxe3 30.Nf3 Qxg2+ 31.Rxg2 Rxd3 32.Rd2 Rxd2 33.N3xd2 Bc3 
0-1

[Event "19th EUR-ch"]
[Site "Batumi GEO"]
[Date "2018.03.18"]
[Round "2.46"]
[White "Pantsulaia, Levan"]
[Black "Pavlov, Sergey"]
[Result "1-0"]
[WhiteElo "2593"]
[BlackElo "2485"]
[EventDate "2018.03.17"]
[PlyCount "79"]

1.c4 e6 2.g3 d5 3.Bg2 dxc4 4.Qa4+ c6 5.Qxc4 b5 6.Qc2 Bb7 7.a4 a6 8.Nh3 Nf6
9.O-O Be7 10.Nc3 Nbd7 11.d4 O-O 12.Rd1 b4 13.Ne4 Nxe4 14.Bxe4 Nf6 15.Bg2 
Qc8 16.Be3 c5 17.Bxb7 Qxb7 18.dxc5 Rac8 19.Rac1 Rc6 20.Nf4 Ng4 21.Qe4 f5 
22.Qf3 Qc8 23.Nd3 a5 24.Bd4 Bf6 25.Bxf6 Nxf6 26.Qe3 Rd8 27.f3 Nd5 28.Qe5 
Ne7 29.Kf2 Ng6 30.Qe3 Rd5 31.h4 Qd8 32.Rc4 f4 33.Qe4 fxg3+ 34.Kxg3 Qc7+ 
35.Kg2 Rh5 36.Rh1 Ne7 37.Kf2 Nf5 38.Ne5 Ng3 39.Qxc6 Nxh1+ 40.Kg2 1-0

[Event "19th EUR-ch"]
[Site "Batumi GEO"]
[Date "2018.03.18"]
[Round "2.47"]
[White "Santos Ruiz, Miguel"]
[Black "Brkic, Ante"]
[Result "1/2-1/2"]
[WhiteElo "2488"]
[BlackElo "2590"]
[EventDate "2018.03.17"]
[PlyCount "35"]

1.e4 e5 2.Nf3 Nc6 3.Bb5 a6 4.Ba4 Nf6 5.O-O Be7 6.d3 d6 7.c3 O-O 8.Re1 Re8 
9.Nbd2 Bf8 10.Nf1 h6 11.Ng3 b5 12.Bc2 d5 13.exd5 Qxd5 14.Ne4 Nxe4 15.dxe4 
Qxd1 16.Rxd1 Be6 17.Be3 Red8 18.Bb3 1/2-1/2

[Event "19th EUR-ch"]
[Site "Batumi GEO"]
[Date "2018.03.18"]
[Round "2.48"]
[White "Bellaiche, Anthony"]
[Black "Gajewski, Grzegorz"]
[Result "1/2-1/2"]
[WhiteElo "2485"]
[BlackElo "2588"]
[EventDate "2018.03.17"]
[PlyCount "40"]

1.d4 Nf6 2.c4 e6 3.Nc3 Bb4 4.Qc2 d5 5.cxd5 exd5 6.Bg5 h6 7.Bh4 O-O 8.e3 
Be6 9.Nf3 Nbd7 10.Be2 Rc8 11.O-O c5 12.Rac1 Qa5 13.dxc5 Bxc3 14.Qxc3 Qxc3 
15.Rxc3 Ne4 16.Rcc1 g5 17.Bg3 Nxg3 18.hxg3 Nxc5 19.Nd4 Ne4 20.Bd3 Kg7 
1/2-1/2

[Event "19th EUR-ch"]
[Site "Batumi GEO"]
[Date "2018.03.18"]
[Round "2.49"]
[White "Ivanisevic, Ivan"]
[Black "Stefanova, Antoaneta"]
[Result "0-1"]
[WhiteElo "2587"]
[BlackElo "2481"]
[EventDate "2018.03.17"]
[PlyCount "66"]

1.c4 c6 2.e4 d5 3.e5 d4 4.f4 g5 5.Nf3 gxf4 6.d3 Bh6 7.Nbd2 c5 8.Ne4 Nc6 9.
g3 fxg3 10.hxg3 Be3 11.Bg2 Bg4 12.Qa4 Kf8 13.Nxc5 Qc7 14.Bxe3 dxe3 15.O-O 
e2 16.Ng5 exf1=Q+ 17.Rxf1 Qb6 18.d4 Nh6 19.Nxf7 Nxf7 20.Bd5 Nxe5 21.Qa3 
Kg7 22.dxe5 e6 23.Qe3 Rhf8 24.Rf6 Rac8 25.b4 Qxb4 26.Nd3 Qb1+ 27.Rf1 Qc2 
28.Qd4 Nh6 29.Nf4 exd5 30.e6+ Kg8 31.e7 Qxc4 32.Qe5 Qc5+ 33.Rf2 Bf5 0-1

[Event "19th EUR-ch"]
[Site "Batumi GEO"]
[Date "2018.03.18"]
[Round "2.50"]
[White "Girya, Olga"]
[Black "Svane, Rasmus"]
[Result "1/2-1/2"]
[WhiteElo "2482"]
[BlackElo "2587"]
[EventDate "2018.03.17"]
[PlyCount "53"]

1.d4 d5 2.c4 c6 3.Nf3 Nf6 4.Nc3 dxc4 5.a4 e6 6.e3 c5 7.Bxc4 cxd4 8.exd4 
Nc6 9.O-O Be7 10.Re1 O-O 11.Bf4 Bd7 12.d5 exd5 13.Nxd5 Nxd5 14.Bxd5 Be6 
15.Bxe6 fxe6 16.Re4 Qxd1+ 17.Rxd1 Rad8 18.Rxd8 Rxd8 19.Bd2 Bf6 20.b4 Ne5 
21.Nxe5 Rxd2 22.Kf1 Bxe5 23.Rxe5 Rb2 24.Rb5 b6 25.a5 bxa5 26.Rxa5 Rxb4 27.
Rxa7 1/2-1/2

[Event "19th EUR-ch"]
[Site "Batumi GEO"]
[Date "2018.03.18"]
[Round "2.51"]
[White "Martirosian, Haik"]
[Black "Beradze, Irakli"]
[Result "1-0"]
[WhiteElo "2586"]
[BlackElo "2464"]
[EventDate "2018.03.17"]
[PlyCount "123"]

1.d4 d5 2.c4 c6 3.Nf3 Nf6 4.Nc3 dxc4 5.a4 e6 6.e4 Bb4 7.Bg5 Bxc3+ 8.bxc3 
Qa5 9.e5 Ne4 10.Rc1 b5 11.Qc2 Nxg5 12.Nxg5 Qxa4 13.Qxa4 bxa4 14.Bxc4 Nd7 
15.O-O c5 16.Ne4 O-O 17.Nd6 Rb8 18.f4 Nb6 19.Ba2 Ba6 20.Rf2 cxd4 21.cxd4 
Bb7 22.Nxb7 Rxb7 23.f5 Re8 24.Rc6 exf5 25.g4 Rd8 26.gxf5 Rxd4 27.e6 Kf8 
28.exf7 Rd8 29.Be6 Ke7 30.Re2 Kf8 31.h4 a3 32.Rc3 h6 33.h5 a2 34.Rxa2 Rd1+
35.Kf2 Rd8 36.Rg3 Rd4 37.Ke3 Rbd7 38.Bxd7 Rxd7 39.Rgg2 Kxf7 40.Kf3 Kf6 41.
Ra5 Nc4 42.Rg6+ Kf7 43.Rc5 Nb6 44.f6 gxf6 45.Rxh6 Kg7 46.Rg6+ Kh7 47.Rxf6 
Nd5 48.Rf5 Ne7 49.Rf7+ Kg8 50.Rf6 Kg7 51.Ra6 Rb7 52.Rca5 Nc8 53.Rg6+ Kh7 
54.Rf5 a5 55.Rff6 Ne7 56.Rf7+ Kh8 57.Re6 Rb3+ 58.Re3 Rxe3+ 59.Kxe3 Nc6 60.
Ke4 a4 61.Rc7 Na5 62.Kf5 1-0